000
00305nam a2200109 4500
999
_c
13542
_d
13542
008
190328b ||||| |||| 00| 0 eng d
245
_a
A new law to reverse PH's HIV epidemic.
260
_a
Philippines
_b
Philippine Daily Inquirer
_c
c2018
300
_a
page A13.
650
0
_9
37819
_a
Law.
942
_2
ddc
_c
PER